000 00629nam a2200181Ia 4500
008 090124s9999 xx 000 0 und d
082 _b109097
100 _aरत्नपारखी व.रा.
245 _a महाराष्ट्र मातेचे माहेर
250 _a1
260 _c1961
300 _a23
600 _aरत्नपारखी व.रा.
630 _a महाराष्ट्र मातेचे माहेर
700 _aरत्नपारखी व.रा.
730 _a महाराष्ट्र मातेचे माहेर
942 _cBOOK
999 _c155188
_d155188